[Event "Sachsen-Anhalt-ch op"]
[Site "Magdeburg"]
[Date "2022.11.01"]
[Round "7"]
[White "Schlange, Jonathan"]
[Black "Michalek, Hans Leonard"]
[Result "0-1"]
[WhiteElo "1319"]
[BlackElo "1585"]
[PlyCount "94"]
[EventDate "2022.10.29"]
[EventType "swiss"]
[EventRounds "7"]
[EventCountry "GER"]
[SourceTitle "CBM 211 Extra"]
[Source "ChessBase"]
[SourceDate "2023.01.31"]
[SourceVersion "1"]
[SourceVersionDate "2023.01.31"]
[SourceQuality "1"]

1. e4 e6 2. d4 d5 3. e5 c5 4. c3 Nc6 5. Nf3 Qb6 6. a3 Nge7 7. b4 cxd4 8. cxd4 a6 9. Bb2 Bd7 10. Nbd2 Ng6 11. Be2 Rc8 12. 0-0 Nf4 13. Rc1 Nxe2+ 14. Qxe2 Be7 15. Nb3 0-0 16. Ne1 Na7 17. Nd3 Bb5 18. Qe3 h6 19. Rfe1 Bxd3 20. Qxd3 Bg5 21. Rc5 Be7 22. Rxc8 Rxc8 23. Rc1 Rxc1+ 24. Nxc1 a5 25. Qc3 axb4 26. axb4 Qxb4 27. Qxb4 Bxb4 28. Kf1 Kf8 29. Ke2 Ke8 30. Nd3 Be7 31. Kd2 Kd7 32. Kc3 Kc6 33. Kb3 Kb5 34. Bc3 Nc6 35. g3 Na5+ 36. Bxa5 Kxa5 37. Nf4 Kb5 38. Nh5 g6 39. Ng7 Kc6 40. Ne8 Kd7 41. Nf6+ Bxf6 42. exf6 g5 43. Kb4 Kd6 44. f4 gxf4 45. gxf4 Kc6 46. Ka5 b5 47. Ka6 b4 0-1

[Event "Sachsen-Anhalt-ch op"]
[Site "Magdeburg"]
[Date "2022.10.31"]
[Round "6"]
[White "Michalek, Hans Leonard"]
[Black "Janeke, Thomas"]
[Result "0-1"]
[WhiteElo "1585"]
[BlackElo "1700"]
[PlyCount "82"]
[EventDate "2022.10.29"]
[EventType "swiss"]
[EventRounds "7"]
[EventCountry "GER"]
[SourceTitle "CBM 211 Extra"]
[Source "ChessBase"]
[SourceDate "2023.01.31"]
[SourceVersion "1"]
[SourceVersionDate "2023.01.31"]
[SourceQuality "1"]

1. e4 d5 2. exd5 Qxd5 3. d4 Nc6 4. Be3 e5 5. c4 Bb4+ 6. Nd2 Bxd2+ 7. Qxd2 Qd6 8. d5 Nce7 9. b4 f5 10. f4 e4 11. Rd1 Nf6 12. Bc5 Qd8 13. Nh3 b6 14. Bd4 0-0 15. Be2 Qd6 16. Be5 Qd7 17. Ng5 Qd8 18. d6 cxd6 19. Bxf6 Rxf6 20. 0-0 h6 21. Nh3 Bb7 22. Qe3 Qc7 23. Nf2 Rd8 24. Nh1 d5 25. c5 bxc5 26. bxc5 Rc6 27. Rb1 d4 28. Qb3+ Kh7 29. Qxb7 Rxc5 30. Qxc7 Rxc7 31. Rfc1 Rdc8 32. Rxc7 Rxc7 33. Bd1 Nd5 34. Ng3 g6 35. Bb3 Nxf4 36. Kf2 Kg7 37. Ne2 Nxe2 38. Kxe2 Kf6 39. Kd2 f4 40. Rf1 Ke5 41. Bd1 e3+ 0-1

[Event "Sachsen-Anhalt-ch op"]
[Site "Magdeburg"]
[Date "2021.10.30"]
[Round "6"]
[White "Markus, Nico"]
[Black "Michalek, Hans Leonard"]
[Result "1/2-1/2"]
[WhiteElo "1730"]
[BlackElo "1521"]
[PlyCount "87"]
[EventDate "2021.10.28"]
[EventType "swiss"]
[EventRounds "7"]
[EventCountry "GER"]
[SourceTitle "CBM 205 Extra"]
[Source "ChessBase"]
[SourceDate "2022.01.31"]
[SourceVersion "1"]
[SourceVersionDate "2022.01.31"]
[SourceQuality "1"]

1. e4 e5 2. Nf3 Nc6 3. d4 exd4 4. Nxd4 Bc5 5. Be3 Qf6 6. c3 Nge7 7. Bc4 Ne5 8. Be2 d6 9. 0-0 Bd7 10. Nd2 0-0 11. f4 N5g6 12. N2b3 Bb6 13. Qd2 Nc6 14. f5 Nh8 15. Nf3 h6 16. Nbd4 Ne5 17. Nxe5 dxe5 18. Nf3 Rfd8 19. Bxb6 Qxb6+ 20. Kh1 Bxf5 21. Qc2 Bh7 22. Nxe5 Qe6 23. Nf3 Bxe4 24. Qc1 Bc6 25. Re1 Qf6 26. Nd4 Bd5 27. Rf1 Qd6 28. Bf3 Ng6 29. Bxd5 Qxd5 30. Rf5 Qe4 31. Qf1 Qe7 32. Re1 Qd7 33. h3 Re8 34. Rd1 Qe7 35. Qc4 Nh4 36. Rf2 Rad8 37. Rdf1 Rf8 38. Qb3 Qe4 39. Re2 Qg6 40. Rf4 Qb1+ 41. Kh2 Ng6 42. Rfe4 Qf1 43. Re1 Qf2 44. R1e2 1/2-1/2

[Event "Sachsen-Anhalt-ch op"]
[Site "Magdeburg"]
[Date "2021.10.29"]
[Round "3"]
[White "Kriegler, Torsten"]
[Black "Michalek, Hans Leonard"]
[Result "1-0"]
[WhiteElo "1786"]
[BlackElo "1521"]
[PlyCount "61"]
[EventDate "2021.10.28"]
[EventType "swiss"]
[EventRounds "7"]
[EventCountry "GER"]
[SourceTitle "CBM 205 Extra"]
[Source "ChessBase"]
[SourceDate "2022.01.31"]
[SourceVersion "1"]
[SourceVersionDate "2022.01.31"]
[SourceQuality "1"]

1. d4 Nf6 2. c4 e6 3. Nc3 Bb4 4. Nf3 0-0 5. Bg5 h6 6. Bh4 d6 7. e3 Nbd7 8. Bd3 b6 9. 0-0 Bxc3 10. bxc3 Bb7 11. Qe2 Qc8 12. e4 e5 13. d5 Nh5 14. Nd2 Nf4 15. Qf3 Nc5 16. Bc2 Ba6 17. Bg3 Ng6 18. Qh5 Qd7 19. f4 Nxf4 20. Bxf4 exf4 21. Rxf4 Rae8 22. Raf1 Re5 23. Qf3 Qe7 24. Qg3 Bc8 25. Nf3 Nxe4 26. Qe1 Nd2 27. Qxd2 Re2 28. Qd3 Rxc2 29. Re1 Rxg2+ 30. Kxg2 Qd7 31. Nd4 1-0

[Event "Sachsen-Anhalt 30 Years op"]
[Site "Magdeburg"]
[Date "2020.10.23"]
[Round "4.16"]
[White "Heise, Juergen"]
[Black "Michalek, Hans Leonard"]
[Result "1-0"]
[WhiteElo "1981"]
[BlackElo "1495"]
[PlyCount "57"]
[EventDate "2020.10.22"]
[EventType "swiss"]
[EventRounds "7"]
[EventCountry "GER"]
[SourceTitle "EXT 2022"]
[Source "ChessBase"]
[SourceDate "2021.10.06"]
[SourceVersion "1"]
[SourceVersionDate "2021.10.06"]
[SourceQuality "1"]

1. f4 e6 2. Nf3 d5 3. b3 c5 4. Bb2 Nf6 5. e3 Nc6 6. Bb5 Bd7 7. 0-0 Be7 8. Bxc6 Bxc6 9. Ne5 Qc7 10. d3 Bd6 11. Nd2 h5 12. Ndf3 0-0-0 13. Nxc6 Qxc6 14. Ne5 Qc7 15. c4 Ng4 16. Nxg4 hxg4 17. cxd5 exd5 18. Qxg4+ Kb8 19. Rac1 Qe7 20. Qf3 Rh7 21. g3 g5 22. Rfe1 Rg8 23. Qxd5 gxf4 24. exf4 Qc7 25. Qxd6 Qxd6 26. Be5 Rd8 27. Rxc5 Qxe5 28. Rexe5 a6 29. Rc3 1-0

[Event "Sachsen-Anhalt 30 Years op"]
[Site "Magdeburg"]
[Date "2020.10.22"]
[Round "1.15"]
[White "Michalek, Hans Leonard"]
[Black "Tews, Steffen"]
[Result "0-1"]
[WhiteElo "1495"]
[BlackElo "1755"]
[PlyCount "90"]
[EventDate "2020.10.22"]
[EventType "swiss"]
[EventRounds "7"]
[EventCountry "GER"]
[SourceTitle "EXT 2022"]
[Source "ChessBase"]
[SourceDate "2021.10.06"]
[SourceVersion "1"]
[SourceVersionDate "2021.10.06"]
[SourceQuality "1"]

1. d4 g6 2. e4 Bg7 3. Nc3 d6 4. Be3 Nc6 5. Bb5 a6 6. Bxc6+ bxc6 7. h3 e5 8. Nf3 f6 9. Qd2 Ne7 10. dxe5 fxe5 11. Bh6 0-0 12. Rd1 Be6 13. Bxg7 Kxg7 14. Ng5 Bg8 15. 0-0 Qd7 16. Rfe1 h6 17. Nf3 Rxf3 18. gxf3 Qxh3 19. Re3 Rf8 20. f4 Qg4+ 21. Rg3 Qxf4 22. Qxf4 Rxf4 23. Re3 Be6 24. Kf1 Bg4 25. Rdd3 g5 26. Ne2 Rf8 27. c4 Ng6 28. Rb3 Bc8 29. Rf3 Nf4 30. Nxf4 exf4 31. Rfd3 Kf6 32. f3 c5 33. Kf2 h5 34. Rb8 g4 35. Rd5 g3+ 36. Kg1 Rh8 37. Rf5+ Kg7 38. Rxf4 h4 39. Rg4+ Bxg4 40. Rxh8 Kxh8 41. fxg4 Kg7 42. Kg2 Kf6 43. Kf3 Kg5 44. b3 g2 45. Kxg2 Kxg4 0-1